000 00861nam a22002531u 4500
001 06088
003 HDC
007 cr bn ---
008 210122p xx fo d 00 engg
040 _aHDC
245 0 _aASEAN LOGISTIC NETWORK STMPOSIOM 2010:
_bHALAL LOGISTICS AT PORTS & TERMINALS
260 _a[No place] :
_b[publisher not identified],
_c2010
300 _a38 pages :
_bIllustrations
336 _atext
_2rdacontent
337 _acomputer
_2rdamedia
338 _aonline resource
_2rdacarrier
650 _aHalal industry
_9144
650 _aHalal logistics
_9143
650 _aHalal Supply chains
_96387
856 _zRequest full-text at [email protected]
942 _2lcc
942 _cSLIDE
942 _kSLID 000687
999 _c3412
_d3412